Horses A- Z - Statistics

General Stats
  • This quiz has been taken 85 times
  • The average score is 14 of 26
Answer Stats
Hint Answer % Correct
A A spotted horse breed Appaloosa
89%
J A person who races a race horse Jockey
86%
M A female horse Mare
86%
B A famous black horse from a book Black beauty
79%
D ‘ dancing’ for horses Dressage
77%
G A castrated male horse Gelding
74%
H Head gear for a rider Helmet
74%
T The gear used to ride a horse such as a saddle, bridle, and pad Tack
71%
Y A horse who is one year old Yearling
70%
Q A horse breed most used for barrel racing Quarter Horse
68%
F The person who changes a horses shoes Farrier
65%
S A horse's father Sire
61%
V An equestrian sport involving gymnastic exercises done on the back of a moving horse Vaulting
61%
E The scientific name for a horse Equine
59%
Z A breed of African equine Zebra
58%
W The point at the bottom of a horse's neck in which you measure the horse from Withers
56%
P A large enclosure which holds a horse Paddock
53%
I A horse and every animal is born with one of these. It gives them the ability and knowledge that they have to do certain things such as eat, live in herds, find shelter, and migrate. Instinct
52%
L Western term for a three-beat gait also called a Canter. Lope
48%
C The mascot for Budweiser Clydesdale
39%
R A type of Western horse riding using advanced moves such as spins and patterns Reining
33%
O A coat pattern seen on Paint horses and Pintos Overo
24%
K A Rare breed of spotted horse often nicknamed the Dalmatian horse Knabstrupper
23%
U When a horse is not fit to ride or/and has medical problems Unsound
11%
N A breed of horse that is known for its two toned mane and dun coat Norwegian Fjord
8%
X A general in the Greek army renowned for his work "On the Art of Horsemanship" which laid the abase of classical riding as we know today. Xenophon
3%
No matching quizzes found
Score Distribution
Percent of People with Each Score
Percentile by Number Answered
Your Score History
You have not taken this quiz